| 000 | 00800cam a22002054a 4500 | ||
|---|---|---|---|
| 005 | 20250605164044.0 | ||
| 008 | 250528s ||||||||||||||||||||||||d | ||
| 035 | _a17085 | ||
| 020 | _a135651859 | ||
| 040 |
_aGR-AtMCL _bgre _dGR-AtMCL _eAACR2 |
||
| 245 | 1 | _aMathematical Statistics / Fifth Edition | |
| 250 | _a5th | ||
| 260 |
_bPrentice Hall International, _c1992 |
||
| 300 | _a658 | ||
| 520 | _aPreface, Introduction, Probability, Estimation: Theory, Estimation: Applications, Hypothesis Testing: Theory, Hypothesis Testing: Applications, Regression and Correlation, Analysis of Variance, Nonparametric Tests, Appendix: Sums and Products, Statistical Tables, Answers to Odd-Numbered Exercises, Index. | ||
| 700 | 1 |
_aFreund John E _93223 |
|
| 942 | _cBK | ||
| 999 |
_c2525 _d2525 |
||